| Tag |
First Indicator |
Second Indicator |
Subfields |
| LEADER |
00000cam a2200000 a 4500 |
| 001 |
in00000012292 |
| 005 |
20151007051811.0 |
| 008 |
870811s1987 enka b 00110 eng |
| 010 |
|
|
|a 87022603
|
| 020 |
|
|
|a 0745803202 :
|c £18.30
|
| 035 |
|
|
|a (OCoLC)16578864
|
| 035 |
|
|
|9 AAA4851AM
|
| 040 |
|
|
|a DLC
|c DLC
|d TXA
|d UtOrBLW
|
| 049 |
|
|
|a TXAM
|c [A11482181]
|
| 050 |
0 |
0 |
|a TP156.F5
|b I38 1987
|
| 082 |
0 |
|
|a 660.2/84245
|2 19
|
| 100 |
1 |
|
|a Igwe, G. J. I.
|q (Godwin Joseph Ifeanyichukwu),
|d 1946-
|
| 245 |
1 |
0 |
|a Needle felts in gas and dust filtration :
|b the design of mechanically-bonded filters /
|c G.J.I. Igwe.
|
| 264 |
|
1 |
|a Chichester :
|b Ellis Horwood ;
|c 1987.
|
| 264 |
|
2 |
|a New York :
|b Halsted Press [distributor],
|
| 300 |
|
|
|a 132 pages :
|b illustrations ;
|c 25 cm.
|
| 336 |
|
|
|a text
|b txt
|2 rdacontent
|
| 337 |
|
|
|a unmediated
|b n
|2 rdamedia
|
| 338 |
|
|
|a volume
|b nc
|2 rdacarrier
|
| 490 |
1 |
|
|a Ellis Horwood series in chemical engineering
|
| 504 |
|
|
|a Includes bibliographies and index.
|
| 650 |
|
0 |
|a Filters and filtration.
|
| 650 |
|
0 |
|a Felt.
|
| 830 |
|
0 |
|a Ellis Horwood series in chemical engineering.
|
| 999 |
|
|
|a MARS
|
| 999 |
f |
f |
|s 319d94ef-1abd-31a7-9eb9-99e3e95be5e5
|i b92cdbfe-074d-3272-8716-109a4680feb8
|t 0
|
| 952 |
f |
f |
|p ric
|a Texas A&M University
|b Rellis Campus
|c Joint Library Facility
|d Remote Storage
|t 0
|e TP156.F5 I38 1987
|h Library of Congress classification
|i unmediated -- volume
|m A14811482181
|
| 998 |
f |
f |
|a TP156.F5 I38 1987
|t 0
|l Remote Storage
|